000
00314nam a22001217a 4500
008
230620b xxu||||| |||| 00| 0 eng d
082
_a
320.91
_b
PYE
100
_c
Lucian W.Pye
245
_a
Aspect of a political Development
260
_a
canada
_b
Little, Brown and Company
_c
1960
300
_a
205p
942
_2
ddc
_c
BK
999
_c
1625
_d
1625